| 000 | 00350nam a22001577a 4500 | ||
|---|---|---|---|
| 003 | SGT | ||
| 020 | _a9788131502495 | ||
| 082 |
_a610.73 _bH07M |
||
| 100 | _aMORRISON, ALASTAIR | ||
| 245 | _aHOSPITALITY AND TRAVEL MARKETING | ||
| 250 | _a3RD | ||
| 260 |
_aINDIA _bTHOMSON PUB _c2007 |
||
| 300 | _a625 | ||
| 650 | _aNURSING BOOKS | ||
| 942 |
_2ddc _cBK |
||
| 999 |
_c34859 _d34859 |
||